Windows Undocumented File Formats (E-Book) (Record no. 191136)
[ view plain ]
| 000 -LEADER | |
|---|---|
| fixed length control field | 00795 a2200121 4500 |
| 003 - CONTROL NUMBER IDENTIFIER | |
| control field | Nust |
| 005 - DATE AND TIME OF LATEST TRANSACTION | |
| control field | 20170207154009.0 |
| 040 ## - CATALOGING SOURCE | |
| Transcribing agency | Nust |
| 100 ## - MAIN ENTRY--PERSONAL NAME | |
| Personal name | Pete Davis and Mike Wallace |
| 245 ## - TITLE STATEMENT | |
| Title | Windows Undocumented File Formats (E-Book) |
| Statement of responsibility, etc. | Pete Davis and Mike Wallace |
| Remainder of title | R&D Book |
| 300 ## - PHYSICAL DESCRIPTION | |
| Extent | ix,286 P; |
| 505 ## - FORMATTED CONTENTS NOTE | |
| Formatted contents note | Chapter 1 Introduction And Overview (Page-7) Chapter 2 Multiresolution Bitmap (.Mrb) File Format(Page-13) Chapter 3 Segmented Hypergraphic (.Shg) File Format(Page-27) Chapter 4 Windows Help File Format(Page-41) Chapter 5 Annotation (.Ann) And Bookmark (.Bmk) (Page-103) Chapter 6 Compression Algorithm And File Formats(Page-107) Chapter 7 Resource (.Res) File Format(Page-125) Chapter 8 Pif File Format(Page-209) Chapter 9 W3 And W4 File Format(Page-229) Chapter 10 Le File Format(Page- 251) |
| 651 ## - SUBJECT ADDED ENTRY--GEOGRAPHIC NAME | |
| Geographic name | (E-Book) |
| Withdrawn status | Lost status | Source of classification or shelving scheme | Damaged status | Not for loan | Collection code | Current Location | Date acquired | Total Checkouts | Barcode | Date last seen | Price effective from | Koha item type |
|---|---|---|---|---|---|---|---|---|---|---|---|---|
| Military College of Signals (MCS) | 12/12/2016 | MCSEB-323 | 12/08/2016 | 12/12/2016 | Book |
